| 000 | 00764cam a2200253 4500 | ||
|---|---|---|---|
| 001 | 18563 | ||
| 003 | BD-RjUL | ||
| 005 | 20211209000314.0 | ||
| 008 | 140220s1967 nyuah 000 0 eng | ||
| 035 | _a(BD-RjUL)18621 | ||
| 040 |
_aDLC _cDLC _dDLC _dOCoLC _dBD-RjUL _beng |
||
| 041 | _aeng | ||
| 082 | 0 | 0 |
_a910.41 _bCHG |
| 100 | 1 |
_aChichester, Francis, _d1901-1972. _957186 |
|
| 245 | 1 | 0 |
_aGipsy Moth circles the world / _c Sir Francis Chichester. |
| 250 | _a[1st American ed.] | ||
| 260 |
_aNew York : _bCoward-McCann, _c c1967. |
||
| 300 |
_axvi, 269 p. : _billus., facsims. ; _c23 cm. |
||
| 610 | 2 | 0 |
_aGipsy Moth IV (Yacht) _957195 |
| 650 | 0 |
_aVoyages around the world. _922218 |
|
| 942 |
_2ddc _cBK |
||
| 999 |
_c18563 _d18563 |
||